000 00566nab#a2200205#c#4500
999 _c87992
_d87992
003 IEF
005 20191205174049.0
008 950704s1976 uuu|| #####0 b| |u
040 _aIEF
_cES-MaIEF
100 1 _aThomson, Herbert Fergus
_943477
245 _aLa filosofía de la ciencia de Adam Smith
_c Herbert F. Thomson
260 _c1976
500 _aBibliografía
650 4 _aHOMENAJES
_945439
650 4 _aSMITH, ADAM (1723-1790)
_948447
773 0 _tHacienda pública española
_w34570
_g40, p. 207-220
942 _2udc
942 _2udc